国公立大学名クイズ - Statistics

General Stats
  • This quiz has been taken 793 times
  • The average score is 62 of 196
Answer Stats
アルファベット略称 大学名 % Correct
HU 北海道大学
91%
UT 東京大学
91%
KU 京都大学
83%
OU 大阪大学
82%
TU 東北大学
78%
AU 秋田大学
76%
NU 名古屋大学
76%
CU 千葉大学
75%
IU 岩手大学
74%
HU 広島大学
74%
FU 福島大学
73%
OU 岡山大学
73%
YU 山形大学
72%
神戸大学
72%
QU 九州大学
72%
GU 群馬大学
71%
NU 新潟大学
71%
TU 鳥取大学
70%
SU 島根大学
70%
YU 山口大学
70%
KU 熊本大学
70%
KU 鹿児島大学
70%
SU 埼玉大学
69%
Tokyo Tech・TIT 東京工業大学
69%
SU 静岡大学
69%
SU 佐賀大学
69%
NU 長崎大学
69%
UU 宇都宮大学
68%
KU 金沢大学
68%
EU 愛媛大学
68%
MU 宮崎大学
68%
WU 和歌山大学
67%
TU 徳島大学
67%
KU 高知大学
67%
ITF・UT 筑波大学
66%
UT 富山大学
66%
KU 香川大学
66%
UR 琉球大学
66%
IU 茨城大学
65%
YNU 横浜国立大学
65%
GU 岐阜大学
65%
SU 滋賀大学
65%
UF 福井大学
64%
MU 三重大学
63%
HU 弘前大学
62%
UO 大分大学
62%
TMDU 東京医科歯科大学
60%
YU 山梨大学
60%
SU 信州大学
58%
HU 一橋大学
57%
OU・UTea お茶の水女子大学
50%
HUE 北海道教育大学
49%
TUA 東京藝術大学
47%
MIT 室蘭工業大学
46%
TUFS 東京外国語大学
46%
TAT・TUAT 東京農工大学
46%
NWU 奈良女子大学
46%
TMU 東京都立大学
46%
KIT・Kyutech 九州工業大学
45%
KIT 北見工業大学
44%
TGU 東京学芸大学
44%
TUMSAT 東京海洋大学
44%
OKU 大阪教育大学
44%
OMU 大阪公立大学
44%
OUC 小樽商科大学
43%
NIT・NITech 名古屋工業大学
43%
KIT 京都工芸繊維大学
43%
YCU 横浜市立大学
42%
OUAVM 帯広畜産大学
41%
UEC 電気通信大学
41%
NU 長野大学
39%
AUE 愛知教育大学
38%
KUE 京都教育大学
38%
AMU 旭川医科大学
35%
宮城教育大学
34%
HUSM 浜松医科大学
34%
NUE 奈良教育大学
34%
MYU 宮城大学
34%
国際教養大学
33%
NUE 鳴門教育大学
32%
SUMS 滋賀医科大学
31%
鹿屋体育大学
31%
UTEF 福岡教育大学
30%
UOH 兵庫県立大学
30%
NCU 名古屋市立大学
29%
KPU 京都府立大学
29%
NUT 長岡技術科学大学
26%
KPUM 京都府立医科大学
26%
OCU 大阪市立大学
26%
APU 愛知県立大学
25%
OPU 大阪府立大学
25%
APU 秋田県立大学
24%
筑波技術大学
23%
TUT 豊橋技術科学大学
23%
IPU 岩手県立大学
23%
US 静岡県立大学
23%
兵庫教育大学
22%
NMU 奈良県立医科大学
22%
NAIST 奈良先端科学技術大学院大学
21%
TCUE 高崎経済大学
21%
FPU 福井県立大学
21%
USP 滋賀県立大学
21%
NPU 奈良県立大学
21%
上越教育大学
20%
KPU 釧路公立大学
19%
SMU 札幌医科大学
19%
FMU 福島県立医科大学
19%
US 島根県立大学
19%
OPU 岡山県立大学
19%
UKK 北九州市立大学
19%
福岡県立大学
19%
NU・UN 長崎県立大学
19%
PUK 熊本県立大学
19%
JAIST 北陸先端科学技術大学院大学
18%
FUN 公立はこだて未来大学
18%
UNP 新潟県立大学
18%
富山県立大学
18%
石川県立大学
18%
都留文科大学
18%
YPU 山口県立大学
18%
UoA 会津大学
17%
SPU 埼玉県立大学
17%
WMU 和歌山県立医科大学
17%
GRIPS 政策研究大学院大学
16%
札幌市立大学
15%
名寄市立大学
15%
YPU 山梨県立大学
15%
NU・UN 長野県立大学
15%
HCU 広島市立大学
15%
UoK 高知県立大学
15%
ACU 旭川市立大学
14%
KCUA 京都市立芸術大学
14%
SOCU 山陽小野田市立山口東京理科大学
14%
総合研究大学院大学
13%
APU 青森公立大学
13%
FCU 福山市立大学
13%
GPWU 群馬県立女子大学
12%
SCU 下関市立大学
12%
MIT 前橋工科大学
11%
SUS 公立諏訪東京理科大学
11%
AUA 愛知県立芸術大学
11%
KCUFS 神戸外国語大学
11%
名桜大学
11%
青森県立保健大学
10%
高知工科大学
10%
FWU 福岡女子大学
10%
CIST 公立千歳科学技術大学
9%
IPU 茨城県立医療大学
9%
福知山公立大学
9%
PUH 県立広島大学
9%
OPUA 沖縄県立芸術大学
9%
NID 長岡造形大学
8%
GCN 岐阜県立看護大学
8%
GPU 岐阜薬科大学
8%
TUES 公立鳥取環境大学
8%
OCU・OU 尾道市立大学
8%
周南公立大学
8%
山形県立保健医療大学
7%
千葉県立保健医療大学
7%
神奈川県立保健福祉大学
7%
石川県立看護大学
7%
三重県立看護大学
7%
NiU 新見公立大学
7%
香川県立保健医療大学
7%
沖縄県立看護大学
7%
AUA 秋田公立美術大学
6%
新潟県立看護大学
6%
SUAC 静岡文化芸術大学
6%
愛媛県立医療技術大学
6%
KDU 九州歯科大学
6%
宮崎県立看護大学
6%
山形県立米沢栄養大学
5%
GCHS 群馬県立県民健康科学大学
5%
川崎市立看護大学
5%
三条市立大学
5%
KCA 金沢美術工芸大学
5%
公立小松大学
5%
叡啓大学
5%
大分県立看護科学大学
5%
MMU 宮崎公立大学
5%
敦賀市立看護大学
4%
長野県看護大学
4%
神戸市看護大学
4%
東京都立産業技術大学院大学
3%
IAMAS 情報科学芸術大学院大学
3%
静岡社会健康医学大学院大学
3%
岐阜市立女子短期大学
3%
鹿児島県立短期大学
3%
芸術文化観光専門職大学
3%
山形県立米沢女子短期大学
2%
川崎市立看護短期大学
2%
大月短期大学
2%
TCC 三重短期大学
2%
KCC 倉敷市立短期大学
2%
静岡県立農林環境専門職大学
2%
大分県立芸術文化短期大学
1%
No matching quizzes found
Score Distribution
Percent of People with Each Score
Percentile by Number Answered
Your Score History
You have not taken this quiz